[Event "European Rapid 2017"]
[Site "Katowice POL"]
[Date "2017.12.16"]
[Round "6.91"]
[White "Chernyak, Viktoria"]
[Black "Jakubowski, Krzysztof"]
[Result "1-0"]
[WhiteTitle "WFM"]
[BlackTitle "GM"]
[WhiteElo "2196"]
[BlackElo "2526"]
[WhiteFideId "24165956"]
[BlackFideId "1112848"]
[EventDate "2017.12.16"]

1. c4 e5 2. g3 Nc6 3. Bg2 g6 4. Nc3 Bg7 5. e3 d6 6. Nge2 h5 7. h3 f5 8. d4 h4 9.
b3 hxg3 10. fxg3 e4 11. Bb2 Nf6 12. Qd2 Qe7 13. O-O-O Bd7 14. Nf4 Rh6 15. Nb5
Rc8 16. Kb1 g5 17. Ne2 a6 18. Nbc3 b5 19. cxb5 axb5 20. Nxb5 Nd5 21. Nec3 Ncb4
22. Rdf1 c6 23. Nxd5 Nxd5 24. Nc3 Nf6 25. Rc1 Qd8 26. Ba3 Bf8 27. Na4 Ra8 28.
Bb2 Qb8 29. g4 fxg4 30. hxg4 Rxh1 31. Rxh1 Bxg4 32. d5 Nxd5 33. Bxe4 Rxa4 34.
Bxd5 Bf5+ 35. e4 Rxe4 36. Bxc6+ Kf7 37. Qd5+ Kg6 1-0

[Event "European Rapid 2017"]
[Site "Katowice POL"]
[Date "2017.12.16"]
[Round "6.92"]
[White "Kanarek, Marcel"]
[Black "Valantiejus, Vaidotas"]
[Result "1-0"]
[WhiteTitle "GM"]
[WhiteElo "2505"]
[BlackElo "2159"]
[WhiteFideId "1126822"]
[BlackFideId "12807370"]
[EventDate "2017.12.16"]

1. e4 c5 2. Nf3 d6 3. d4 cxd4 4. Nxd4 Nf6 5. Nc3 a6 6. Bg5 e6 7. f4 h6 8. Bh4
Be7 9. Qf3 Qc7 10. O-O-O Nbd7 11. Bd3 g5 12. fxg5 Ne5 13. Qe2 Nfg4 14. Nf3 Nxf3
15. gxf3 hxg5 16. Bg3 Ne5 17. Qf2 Bd7 18. h4 gxh4 19. Bxh4 Bxh4 20. Rxh4 O-O-O
21. Be2 Rxh4 22. Qxh4 Bc6 23. Qf6 Ng6 24. Rh1 Qe7 25. Qxe7 Nxe7 26. Rh7 Rf8 27.
Kd2 d5 28. Ke3 dxe4 29. Nxe4 Kc7 30. Ng5 Nf5+ 31. Kf2 Kb6 32. Rxf7 Re8 33. Nxe6
Nh6 34. Rf6 Ng8 35. Rg6 Ne7 36. Rg5 Nc8 37. Nd4 Bd7 38. c4 Rh8 39. b4 Rh7 40. f4
Ne7 41. Bf3 Kc7 42. Ke3 Bc8 43. a4 b6 44. a5 bxa5 45. Rxa5 Rh2 46. Re5 Ng6 47.
Rc5+ Kd8 48. Nc6+ Kd7 49. Bg4+ 1-0

[Event "European Rapid 2017"]
[Site "Katowice POL"]
[Date "2017.12.16"]
[Round "6.93"]
[White "Montilla Carrillo, Esteban"]
[Black "Piesik, Piotr"]
[Result "1/2-1/2"]
[WhiteTitle "FM"]
[BlackTitle "FM"]
[WhiteElo "2233"]
[BlackElo "2374"]
[WhiteFideId "2208261"]
[BlackFideId "1136194"]
[EventDate "2017.12.16"]

1. Nf3 g6 2. e4 Bg7 3. d4 c6 4. Nc3 d6 5. Be2 Nf6 6. O-O O-O 7. a4 Nbd7 8. h3 e5
9. Re1 Re8 10. Bc4 Qc7 11. Ba2 Nf8 12. Ng5 Ne6 13. Bxe6 Bxe6 14. d5 Bd7 15. f4
exf4 16. Bxf4 cxd5 17. Nxd5 Nxd5 18. Qxd5 Qc5+ 19. Kh1 Qxd5 20. exd5 Bxb2 21.
Rab1 Rxe1+ 22. Rxe1 Re8 23. Rb1 Be5 24. Bxe5 Rxe5 25. Rxb7 Bxa4 26. Nxf7 Rxd5
27. Rxa7 Bxc2 28. Nh6+ Kf8 29. Rxh7 Rd2 30. Rf7+ Ke8 31. Rf4 d5 32. Ng4 d4 33.
Kg1 d3 34. Re4+ Kf8 35. Rd4 Rd1+ 36. Kf2 Kf7 37. Ne5+ Kf6 38. Nf3 Ke6 39. Ke3
Ra1 40. Re4+ Kf6 41. Rf4+ Kg7 42. Rd4 Ra7 43. Ne5 Re7 44. Rd7 Rxd7 45. Nxd7 d2
46. Kxd2 Be4 47. g4 Bg2 48. h4 Bh3 1/2-1/2

[Event "European Rapid 2017"]
[Site "Katowice POL"]
[Date "2017.12.16"]
[Round "6.94"]
[White "Molenda, Marcin"]
[Black "Batsiashvili, Nino"]
[Result "0-1"]
[WhiteTitle "FM"]
[BlackTitle "IM"]
[WhiteElo "2388"]
[BlackElo "2502"]
[WhiteFideId "1173065"]
[BlackFideId "13602993"]
[EventDate "2017.12.16"]

1. d4 d5 2. Nf3 Nf6 3. c4 e6 4. Nc3 Bb4 5. Bg5 h6 6. Bh4 dxc4 7. e3 b5 8. a4 c6
9. Nd2 Bb7 10. Be2 a6 11. O-O Nbd7 12. Qc2 Be7 13. Bf3 Qb6 14. Rfb1 O-O 15. b3
cxb3 16. Rxb3 e5 17. Nc4 Qc7 18. axb5 axb5 19. Rxa8 Bxa8 20. Nd2 exd4 21. Nxb5
Qd8 22. Nxd4 Ne5 23. Be2 g6 24. h3 c5 25. N4f3 Nxf3+ 26. Bxf3 Qa5 27. Bxa8 Rxa8
28. Rb7 Qa1+ 29. Kh2 Bd6+ 30. Bg3 Bxg3+ 31. fxg3 Qe5 32. Qc4 Rf8 33. Qf4 Qd5 34.
Rb2 Nh5 35. Qf3 Rd8 36. Rb8 Qxd2 37. Rb7 Qd5 38. Rb8 Qd6 39. Rb7 Rd7 40. Rb5 Kg7
41. h4 c4 42. Kh3 c3 0-1

[Event "European Rapid 2017"]
[Site "Katowice POL"]
[Date "2017.12.16"]
[Round "6.95"]
[White "Skreno, Vladimir"]
[Black "Wieczorek, Oskar"]
[Result "0-1"]
[BlackTitle "IM"]
[WhiteElo "2175"]
[BlackElo "2463"]
[WhiteFideId "14902893"]
[BlackFideId "1133950"]
[EventDate "2017.12.16"]

1. d4 Nf6 2. Nf3 c5 3. c3 g6 4. Bf4 Bg7 5. h3 b6 6. e3 Bb7 7. Bd3 O-O 8. Nbd2 d6
9. O-O Nbd7 10. Re1 Qc7 11. e4 e5 12. Bh2 Nh5 13. Rc1 Bh6 14. Rc2 Bf4 15. g3 Bh6
16. Bf1 Rac8 17. dxe5 dxe5 18. Nc4 Rcd8 19. Qe2 Ndf6 20. Ncxe5 Bxe4 21. Ng4 Bg7
22. Rd2 Bxf3 23. Nxf6+ Nxf6 0-1

[Event "European Rapid 2017"]
[Site "Katowice POL"]
[Date "2017.12.16"]
[Round "6.96"]
[White "D'Costa, Lorin A R"]
[Black "Korbal, Arkadiusz"]
[Result "1-0"]
[WhiteTitle "IM"]
[WhiteElo "2391"]
[BlackElo "2181"]
[WhiteFideId "409219"]
[BlackFideId "1133837"]
[EventDate "2017.12.16"]

1. e4 e5 2. Nf3 Nc6 3. Bb5 a6 4. Ba4 Nf6 5. d3 d6 6. c4 g6 7. h3 Bg7 8. Nc3 O-O
9. Be3 Ne7 10. O-O h6 11. d4 exd4 12. Nxd4 Bd7 13. Re1 Bxa4 14. Qxa4 Nd7 15.
Rad1 Qe8 16. Qc2 Ne5 17. b3 Kh7 18. Nd5 Rc8 19. f4 N5c6 20. Nf3 Qd7 21. Bf2 Rce8
22. Bh4 Nxd5 23. cxd5 Nb4 24. Qd2 a5 25. a3 Na6 26. Qxa5 Nc5 27. Qb4 f5 28. e5
b6 29. Bf2 Ne4 30. Bd4 dxe5 31. Bxe5 Bxe5 32. Nxe5 Qd6 33. Qc4 Rxe5 34. fxe5
Qxe5 35. Rc1 Rc8 36. a4 h5 37. b4 Kh6 38. a5 bxa5 39. bxa5 Qf4 40. Qd4 Ra8 41.
Ra1 Ra6 42. Qe3 Qxe3+ 43. Rxe3 Kg5 44. Rb3 Kf6 45. Rb7 Ke5 46. Rxc7 Kxd5 47. Rb7
Kc5 48. Rc1+ Kd5 49. Rb5+ Kd4 50. Ra1 g5 51. Rb6 Ra7 52. a6 Nc5 53. Ra5 f4 54.
Rd6+ Ke5 55. Rc6 1-0

[Event "European Rapid 2017"]
[Site "Katowice POL"]
[Date "2017.12.16"]
[Round "6.97"]
[White "Paprocki, Jaroslaw"]
[Black "Pulpan, Jakub"]
[Result "0-1"]
[BlackTitle "IM"]
[WhiteElo "2184"]
[BlackElo "2400"]
[WhiteFideId "1122274"]
[BlackFideId "302759"]
[EventDate "2017.12.16"]

1. d4 Nf6 2. c4 e6 3. Nf3 d5 4. Nc3 dxc4 5. e3 a6 6. Bxc4 b5 7. Bb3 Bb7 8. O-O
Be7 9. Bc2 O-O 10. Re1 c5 11. dxc5 Bxc5 12. Qxd8 Rxd8 13. a3 Bxf3 14. gxf3 Nc6
15. Ne4 Be7 16. b4 Ne5 17. Kg2 Rac8 18. Re2 Nxe4 19. Bxe4 f5 20. f4 Nc4 21. Bb7
Rb8 22. Bf3 Bf6 23. Raa2 Rbc8 24. Bb7 Rc7 25. Bxa6 Ra8 26. Bxb5 Nd6 27. Bd2 Nxb5
28. a4 Rca7 29. a5 Nc3 30. Bxc3 Bxc3 31. Ra4 Rb8 32. Rc2 Rxb4 33. Ra3 Bf6 34.
Rc8+ Kf7 35. Rd3 Rxa5 36. Rd7+ Kg6 37. Re8 Ra2 38. Rd1 Rbb2 39. Rf1 Kf7 40. Rc8
Bh4 41. Rc7+ Kf6 42. Kh3 Rxf2 43. Rxf2 Bxf2 44. e4 fxe4 45. f5 exf5 46. Rc6+ Kg5
47. Kg2 Bd4+ 48. Kh3 Ra3+ 49. Kg2 Kg4 50. Rc2 Rb3 51. Rc4 Rb2+ 52. Kf1 Kf3 53.
Ke1 e3 54. Rc1 Bc3+ 0-1

[Event "European Rapid 2017"]
[Site "Katowice POL"]
[Date "2017.12.16"]
[Round "6.98"]
[White "Kubica, Kamil"]
[Black "Kazakovskiy, Valeriy"]
[Result "0-1"]
[BlackTitle "IM"]
[WhiteElo "2166"]
[BlackElo "2422"]
[WhiteFideId "1146360"]
[BlackFideId "13507443"]
[EventDate "2017.12.16"]

1. d4 Nf6 2. c4 e6 3. Nc3 Bb4 4. Qc2 Nc6 5. Nf3 d6 6. e4 Bxc3+ 7. bxc3 e5 8. Bd3
O-O 9. O-O Re8 10. Bg5 h6 11. Bh4 Kh8 12. Rfe1 Qe7 13. h3 g5 14. Bg3 Nh5 15. d5
Nb8 16. c5 Nd7 17. cxd6 cxd6 18. Bh2 Nc5 19. Rab1 Nf4 20. Bf1 Qf6 21. Bxf4 gxf4
22. Nh2 Rg8 23. Kh1 Qg6 24. Nf3 Qh5 25. Qe2 f5 26. Nd2 Qxe2 27. Rxe2 fxe4 28.
Nc4 Rg6 29. Ree1 b6 30. Be2 Bf5 31. Bh5 Rf6 32. g4 Bh7 33. Rbd1 Nd3 34. Re2 Rc8
35. Nb2 Rxc3 36. Nxd3 exd3 37. Red2 e4 38. Re1 Rf8 39. Kg2 Rfc8 40. h4 Rc2 41.
Rdd1 e3 42. g5 Rxf2+ 43. Kg1 hxg5 44. Bg4 Rcc2 45. Bh3 g4 46. Bf1 Rxf1+ 47. Kxf1
e2+ 48. Kg1 0-1

[Event "European Rapid 2017"]
[Site "Katowice POL"]
[Date "2017.12.16"]
[Round "6.99"]
[White "Jaracz, Barbara"]
[Black "Wiewiora, Eneasz"]
[Result "0-1"]
[WhiteTitle "WGM"]
[BlackTitle "FM"]
[WhiteElo "2245"]
[BlackElo "2320"]
[WhiteFideId "1107453"]
[BlackFideId "1140396"]
[EventDate "2017.12.16"]

1. e4 d6 2. d4 Nf6 3. Nc3 e5 4. h3 Be7 5. Nf3 Nbd7 6. Bc4 O-O 7. O-O a6 8. a4 b6
9. Re1 Bb7 10. Ba2 h6 11. Qd3 exd4 12. Qxd4 Nc5 13. Bf4 Ne6 14. Qd2 Nxf4 15.
Qxf4 Nd7 16. Nd5 Bxd5 17. Bxd5 Rb8 18. Rad1 Bf6 19. c3 Ne5 20. Nd4 Ng6 21. Qg3
Bxd4 22. cxd4 Qg5 23. Qxg5 hxg5 24. g3 c5 25. dxc5 bxc5 26. b3 Ne5 27. Kg2 Rfe8
28. f4 gxf4 29. gxf4 Ng6 30. Kf3 a5 31. Bc4 Red8 32. Rd3 Kf8 33. Red1 Ke7 34.
Kg4 Nf8 35. h4 Ne6 36. Bxe6 fxe6 37. Kf3 Rb6 38. Kg4 Rdb8 39. h5 Rc6 40. Kg5 Rb4
41. e5 d5 42. f5 Re4 43. f6+ gxf6+ 44. exf6+ Kf7 45. Rf3 Rc8 46. h6 Rg8+ 47. Kh5
Re5+ 48. Kh4 Re4+ 49. Kh5 Re5+ 50. Kh4 Rg6 51. Rdf1 Re4+ 52. Kh5 Re5+ 53. Kh4
Rxh6+ 54. Kg4 Rg6+ 55. Kh4 Re4+ 56. Kh5 Re2 0-1

[Event "European Rapid 2017"]
[Site "Katowice POL"]
[Date "2017.12.16"]
[Round "6.100"]
[White "Schulz, Karsten"]
[Black "Pappelis, Dimitrios"]
[Result "0-1"]
[WhiteTitle "FM"]
[WhiteElo "2293"]
[BlackElo "2114"]
[WhiteFideId "4611446"]
[BlackFideId "4215281"]
[EventDate "2017.12.16"]

1. Nf3 d5 2. g3 Nf6 3. Bg2 e6 4. O-O Be7 5. c4 O-O 6. b3 c5 7. Bb2 d4 8. e3 Nc6
9. exd4 cxd4 10. Re1 Re8 11. d3 Bf8 12. Na3 e5 13. Nc2 Bg4 14. h3 Bh5 15. Qd2 a5
16. Rab1 Bb4 17. Nxb4 axb4 18. Ra1 Qd6 19. Nh4 Bg6 20. Nxg6 hxg6 21. Bc1 Nd7 22.
Rb1 Nc5 23. Rb2 Re7 24. Qd1 Rae8 25. Bg5 f6 26. Bd5+ Kh7 27. Bc1 f5 28. Bg5 Rc7
29. Qf3 Ne7 30. Rbe2 Nxd5 31. cxd5 e4 32. dxe4 fxe4 33. Qf4 Qxf4 34. Bxf4 Rd7
35. d6 g5 36. Bxg5 Rxd6 37. Rc2 Nd3 38. Rd1 Rc6 39. Re2 Ree6 40. f3 Ne5 41. f4
Nf3+ 42. Kg2 d3 43. Rxe4 Nxg5 44. Rxe6 Rc2+ 45. Kf1 Nxe6 46. Rxd3 Rxa2 47. f5
Nc5 48. Rd4 Rb2 49. Rxb4 Rxb3 50. Rc4 b6 51. Kg2 Nd3 52. g4 Ne5 53. Re4 Nf3 54.
Re7 Kg8 55. Rb7 b5 56. Kg3 b4 57. Kf4 Ng1 58. h4 Rf3+ 59. Kg5 Nh3+ 60. Kg6 Nf4+
61. Kg5 b3 62. Rb8+ Kf7 63. Rb7+ Kf8 64. h5 Nd5 65. h6 gxh6+ 66. Kxh6 Rh3+ 67.
Kg5 Ke8 68. Rb5 Nc7 69. Rb7 Nd5 70. Rb5 Nc7 71. Rb7 Nd5 72. f6 Rf3 73. f7+ Kf8
74. Kh6 Ne7 75. Kh5 Rh3+ 76. Kg5 Kxf7 77. Kf4 Ke6 78. Ke4 Nd5 79. g5 Nc3+ 80.
Kd4 Nd1 81. g6 b2 82. g7 Rg3 83. g8=Q+ Rxg8 84. Kd3 Rd8+ 85. Kc2 Rc8+ 86. Kd2
Rd8+ 87. Kc2 Ke5 88. Rb5+ Ke4 89. Rb7 Rd5 90. Re7+ Re5 91. Rb7 Rc5+ 92. Kd2 Ne3
93. Rb4+ Rc4 94. Rb8 Rc2+ 95. Ke1 Ng2+ 96. Kd1 Rc1+ 97. Kd2 b1=Q 0-1

[Event "European Rapid 2017"]
[Site "Katowice POL"]
[Date "2017.12.17"]
[Round "7.1"]
[White "Kovalenko, Igor"]
[Black "Potkin, Vladimir"]
[Result "1-0"]
[WhiteTitle "GM"]
[BlackTitle "GM"]
[WhiteElo "2639"]
[BlackElo "2574"]
[WhiteFideId "14117908"]
[BlackFideId "4131061"]
[EventDate "2017.12.16"]

1. e4 c5 2. Nf3 d6 3. d4 cxd4 4. Nxd4 Nf6 5. Nc3 a6 6. Be2 e6 7. Be3 Be7 8. Qd2
Nc6 9. f4 O-O 10. O-O-O Nd7 11. g4 Nxd4 12. Bxd4 b5 13. a3 Bb7 14. g5 Rc8 15. h4
e5 16. Be3 exf4 17. Bxf4 Ne5 18. Nd5 Bxd5 19. exd5 Nc4 20. Qd4 Re8 21. Bd3 Bf8
22. h5 Qb6 23. Qxb6 Nxb6 24. g6 Nxd5 25. gxh7+ Kh8 26. Bd2 Ne3 27. Rde1 Nc4 28.
Bc3 Ne5 29. Bf5 Rb8 30. Kb1 Be7 31. Bxe5 dxe5 32. Rxe5 Bf6 33. Rxe8+ Rxe8 34.
Bd3 Re5 35. Ka2 Rg5 36. Re1 Be5 37. Rf1 Bf6 38. Rf5 Rxf5 39. Bxf5 a5 40. b4 axb4
41. axb4 Be7 42. Kb3 Bd6 43. Bd3 Be7 44. c3 Bd6 45. Bxb5 Kxh7 46. c4 g6 47. c5
Be7 48. Bd3 Kg7 49. Kc4 gxh5 50. b5 Kf6 51. b6 Bd8 52. Kd5 Ke7 53. Kc6 h4 54. b7 1-0

[Event "European Rapid 2017"]
[Site "Katowice POL"]
[Date "2017.12.17"]
[Round "7.3"]
[White "Inarkiev, Ernesto"]
[Black "Piorun, Kacper"]
[Result "1/2-1/2"]
[WhiteTitle "GM"]
[BlackTitle "GM"]
[WhiteElo "2689"]
[BlackElo "2651"]
[WhiteFideId "4162722"]
[BlackFideId "1130420"]
[EventDate "2017.12.16"]

1. d4 Nf6 2. c4 e6 3. Nf3 d5 4. g3 dxc4 5. Bg2 b5 6. a4 c6 7. O-O Bb7 8. Ne5 a6
9. Nc3 Nd5 10. e4 Nxc3 11. bxc3 Be7 12. Rb1 Qc8 13. Qg4 g6 14. f4 Nd7 15. f5
Nxe5 16. dxe5 h5 17. Qf3 exf5 18. exf5 Qxf5 19. Qxc6+ Bxc6 20. Bxc6+ Kf8 21.
Rxf5 Rc8 22. axb5 axb5 23. Bd7 Rc7 24. Rf1 Rxd7 25. e6 Rd6 26. exf7 Rf6 27. Bf4
Rf5 28. h3 Rh7 29. Rf2 Rhxf7 30. Rfb2 Bc5+ 31. Kh1 g5 32. Bb8 b4 33. cxb4 c3 34.
bxc5 cxb2 35. Rxb2 Rf2 36. Rb1 Rc2 37. h4 g4 38. Kg1 Kg8 39. Bd6 Ra7 40. Re1
Raa2 41. Kf1 Rf2+ 42. Kg1 Rg2+ 43. Kh1 Rgc2 44. Kg1 Kf7 45. Kf1 Rf2+ 46. Kg1
Rfc2 47. Kf1 Kf6 48. Kg1 Rg2+ 49. Kh1 Rh2+ 50. Kg1 Rag2+ 51. Kf1 Rc2 52. Kg1
Rhd2 53. Kf1 Rh2 54. Kg1 Rcg2+ 55. Kf1 Rh1+ 56. Kxg2 Rxe1 57. c6 Re2+ 58. Kf1
Rc2 59. c7 Ke6 60. Bf4 Kd7 61. Ke1 Rc4 62. Kf2 Rxf4+ 63. gxf4 Kxc7 64. Ke3 Kd6
65. Ke4 Ke6 66. f5+ Kd6 67. Kd4 Kc6 68. Ke4 Kd7 69. Kd4 Ke7 70. Ke4 Kf6 71. Kf4
Kf7 72. Ke4 Ke7 73. Kf4 Kd6 74. Ke4 Ke7 75. Kf4 Kd7 76. Ke4 Kc6 77. Kd4 Kd6 78.
Ke4 Ke7 1/2-1/2

[Event "European Rapid 2017"]
[Site "Katowice POL"]
[Date "2017.12.17"]
[Round "7.4"]
[White "Gajewski, Grzegorz"]
[Black "Navara, David"]
[Result "1-0"]
[WhiteTitle "GM"]
[BlackTitle "GM"]
[WhiteElo "2601"]
[BlackElo "2740"]
[WhiteFideId "1116207"]
[BlackFideId "309095"]
[EventDate "2017.12.16"]

1. Nf3 d5 2. d4 Nf6 3. Bf4 c5 4. e3 Nc6 5. Nbd2 cxd4 6. exd4 Bf5 7. Bb5 e6 8. c3
Qb6 9. Qb3 Be7 10. Ne5 Rc8 11. Be2 O-O 12. Qxb6 axb6 13. g4 Bc2 14. g5 Ne4 15.
Nd7 Bxg5 16. Bxg5 Nxg5 17. Nxf8 Kxf8 18. h4 Ne4 19. Rc1 Nxd2 20. Kxd2 Be4 21. f3
Bf5 22. Bb5 Ra8 23. Bxc6 bxc6 24. Ra1 c5 25. dxc5 bxc5 26. a4 c4 27. a5 Ra6 28.
Ra4 Ke7 29. Rha1 Kd6 30. Rb4 Kc7 31. Rb5 Kc6 32. Rb8 e5 33. Rg8 g6 34. Rg7 Be6
35. Rxh7 d4 36. h5 gxh5 37. Rxh5 Kd5 38. f4 f5 39. fxe5 d3 40. Rh4 Kxe5 41. Re1+
Kd5 42. Rd4+ Kc5 43. Re5+ 1-0

[Event "European Rapid 2017"]
[Site "Katowice POL"]
[Date "2017.12.17"]
[Round "7.7"]
[White "Pavlidis, Antonios"]
[Black "McShane, Luke J"]
[Result "0-1"]
[WhiteTitle "GM"]
[BlackTitle "GM"]
[WhiteElo "2539"]
[BlackElo "2640"]
[WhiteFideId "4212312"]
[BlackFideId "404853"]
[EventDate "2017.12.16"]

1. e4 e5 2. Nf3 Nc6 3. Bb5 a6 4. Ba4 d6 5. O-O Bd7 6. c3 g6 7. d4 Bg7 8. d5 Nce7
9. c4 b5 10. Bc2 f5 11. Ng5 Nf6 12. a4 bxc4 13. f3 c6 14. dxc6 Qb6+ 15. Kh1 Qxc6
16. a5 O-O 17. Ba4 Qc7 18. Bxd7 Qxd7 19. Qa4 Rfc8 20. Rd1 Rc6 21. Nc3 h6 22. Nh3
Qe6 23. Nf2 d5 24. exd5 Nexd5 25. Bd2 Rb8 26. Qa2 Nb4 27. Qa4 Nd3 28. Nxd3 cxd3
29. Rab1 Nd5 30. Re1 Nxc3 31. Bxc3 Qd5 32. Rbd1 Re6 33. Rf1 Rbe8 34. Qa3 h5 35.
h3 e4 36. Bxg7 Kxg7 37. fxe4 fxe4 38. Qc3+ Qe5 39. Qc4 R8e7 40. Qc8 Rf6 41. Rfe1
Qd4 42. Rf1 e3 43. Rxf6 Qxf6 0-1

[Event "European Rapid 2017"]
[Site "Katowice POL"]
[Date "2017.12.17"]
[Round "7.8"]
[White "Moskalenko, Alexander"]
[Black "Wojtaszek, Radoslaw"]
[Result "0-1"]
[WhiteTitle "IM"]
[BlackTitle "GM"]
[WhiteElo "2522"]
[BlackElo "2736"]
[WhiteFideId "4155351"]
[BlackFideId "1118358"]
[EventDate "2017.12.16"]

1. e4 c5 2. Nf3 d6 3. d4 cxd4 4. Nxd4 Nf6 5. Nc3 a6 6. Be2 e5 7. Nf3 Be7 8. Bg5
Nbd7 9. a4 h6 10. Bh4 Qb6 11. Ra2 g5 12. Bg3 Nc5 13. Nd2 Be6 14. Bc4 Qc6 15.
Bxe6 fxe6 16. Qe2 h5 17. h4 g4 18. a5 Rc8 19. O-O Rg8 20. Re1 Kf7 21. Nc4 Ncxe4
22. Nxe5+ dxe5 23. Nxe4 Nxe4 24. Qxe4 Qxe4 25. Rxe4 Rxc2 26. Ra1 Rgc8 27. Rxe5
Bf6 28. Re4 R8c4 29. Rxc4 Rxc4 30. Rd1 Rb4 31. Bc7 Rxb2 32. g3 Bc3 33. Rd7+ Kg6
34. Bb6 Rb5 35. Kf1 Kf5 36. Rc7 Bxa5 37. Bxa5 Rxa5 38. Rxb7 Rb5 39. Ra7 a5 40.
Ra6 Ke5 41. Ke2 Kd5 42. Ke3 e5 43. Ra8 Rb3+ 44. Ke2 Ra3 45. Rh8 Ke4 46. Rxh5 a4
47. Rg5 Ra2+ 48. Kf1 a3 49. Kg2 Kd4 50. Rxg4+ e4 51. Rg8 e3 52. Rd8+ Kc4 53.
Rc8+ Kd5 54. Rd8+ Kc6 55. Ra8 Rxf2+ 56. Kg1 a2 0-1

[Event "European Rapid 2017"]
[Site "Katowice POL"]
[Date "2017.12.17"]
[Round "7.9"]
[White "Ponkratov, Pavel"]
[Black "Moranda, Wojciech"]
[Result "0-1"]
[WhiteTitle "GM"]
[BlackTitle "GM"]
[WhiteElo "2613"]
[BlackElo "2593"]
[WhiteFideId "4157800"]
[BlackFideId "1122401"]
[EventDate "2017.12.16"]

1. e4 c5 2. Nf3 d6 3. d4 cxd4 4. Nxd4 Nf6 5. Nc3 a6 6. Be3 e6 7. Qf3 Nbd7 8.
O-O-O h5 9. h4 Qc7 10. Qg3 Ne5 11. f3 Bd7 12. Kb1 b5 13. a3 Rb8 14. f4 Neg4 15.
Bc1 b4 16. axb4 Rxb4 17. Qe1 Qb6 18. Nb3 Bc6 19. Nd5 exd5 20. exd5+ Re4 21. Qg3
Bxd5 22. Bd3 Re7 23. Nd4 Ne4 24. Bxe4 Bxe4 25. Rhe1 d5 26. f5 Rc7 27. Bf4 Rb7
28. Qc3 Bc5 29. Nb3 O-O 30. Nxc5 Rc8 31. Bd6 Ra7 32. Qg3 Rxc5 33. Bxc5 Qxc5 34.
Rxe4 dxe4 35. Qb8+ Kh7 36. Rd8 g6 37. fxg6+ fxg6 38. Rh8+ Kg7 39. Rg8+ Kf6 40.
b4 Qc7 41. Qf8+ Ke5 42. Rxg6 Kd4 43. Rd6+ Ke3 44. Rd1 Qe7 45. Qb8 Ke2 46. Kc1
Rd7 47. Rh1 Qe5 0-1

[Event "European Rapid 2017"]
[Site "Katowice POL"]
[Date "2017.12.17"]
[Round "7.10"]
[White "Fridman, Daniel"]
[Black "Krasenkow, Michal"]
[Result "1-0"]
[WhiteTitle "GM"]
[BlackTitle "GM"]
[WhiteElo "2633"]
[BlackElo "2671"]
[WhiteFideId "11600454"]
[BlackFideId "1113100"]
[EventDate "2017.12.16"]

1. Nf3 c5 2. c4 Nc6 3. Nc3 e5 4. e3 Nf6 5. d4 cxd4 6. exd4 e4 7. Ne5 Bb4 8. Be2
O-O 9. O-O Re8 10. Bf4 d6 11. Nxc6 bxc6 12. Qa4 Bxc3 13. bxc3 Qd7 14. h3 Rb8 15.
Qa3 Rd8 16. Rab1 Rxb1 17. Rxb1 Qe7 18. Rb8 c5 19. Qa5 Re8 20. Ra8 Qb7 21. Qxa7
Qb1+ 22. Bf1 h6 23. Rb8 Qe1 24. dxc5 dxc5 25. Qxc5 Be6 26. Rxe8+ Nxe8 27. Be5
Kh7 28. Qd4 f6 29. Bg3 Qb1 30. a4 f5 31. Be5 Qa1 32. c5 Bc8 33. c6 Ba6 34. c4
Qxd4 35. Bxd4 Kg8 36. c5 Bxf1 37. Kxf1 Kf7 38. Be5 Ke6 39. Bb8 Nf6 40. a5 1-0

[Event "European Rapid 2017"]
[Site "Katowice POL"]
[Date "2017.12.17"]
[Round "7.11"]
[White "Chigaev, Maksim"]
[Black "Castellanos Rodriguez, Renier"]
[Result "1/2-1/2"]
[WhiteTitle "GM"]
[BlackTitle "IM"]
[WhiteElo "2555"]
[BlackElo "2501"]
[WhiteFideId "4108116"]
[BlackFideId "3404650"]
[EventDate "2017.12.16"]

1. e4 c5 2. Nf3 d6 3. Nc3 e6 4. d4 cxd4 5. Nxd4 a6 6. f4 b5 7. a3 Bb7 8. g3 Nd7
9. Bg2 Rc8 10. O-O Ngf6 11. Re1 Nc5 12. g4 e5 13. Nf5 g6 14. Ng3 h5 15. g5 h4
16. gxf6 hxg3 17. hxg3 Qxf6 18. fxe5 dxe5 19. Rf1 Qd8 20. Qf3 f5 21. Qe2 Nxe4
22. Nxe4 Bxe4 23. Bxe4 Qd4+ 24. Kg2 Qxe4+ 25. Qxe4 fxe4 26. c3 Bc5 27. Bg5 Rh5
28. Bf6 Rf5 29. g4 Rf4 30. Bxe5 Rxg4+ 31. Kh3 Rg5 32. Bf4 Rh5+ 33. Kg4 Rc6 34.
Rae1 Re6 35. Re2 Be7 36. Bg3 Rg5+ 37. Kh3 Rh5+ 38. Kg4 Rg5+ 39. Kh3 Bc5 40. Rfe1
e3 41. Bf4 Rf5 42. Bg3 Re4 43. Rd1 g5 44. Kg2 Re6 45. Kh3 Re4 46. Kg2 Re6 47.
Kh3 Re4 48. Kg2 1/2-1/2

[Event "European Rapid 2017"]
[Site "Katowice POL"]
[Date "2017.12.17"]
[Round "7.12"]
[White "Hracek, Zbynek"]
[Black "Ragger, Markus"]
[Result "0-1"]
[WhiteTitle "GM"]
[BlackTitle "GM"]
[WhiteElo "2592"]
[BlackElo "2657"]
[WhiteFideId "300071"]
[BlackFideId "1610856"]
[EventDate "2017.12.16"]

1. Nf3 d5 2. e3 Nf6 3. c4 e6 4. d4 a6 5. b3 c5 6. Bd3 Nc6 7. Bb2 cxd4 8. exd4 g6
9. O-O Bg7 10. Nbd2 O-O 11. Ne5 Bd7 12. Ndf3 Rc8 13. Qe2 dxc4 14. bxc4 Nxe5 15.
dxe5 Nh5 16. g3 Bc6 17. Be4 Qc7 18. Ba3 Rfd8 19. Bd6 Qd7 20. Bxc6 Qxc6 21. c5 b6
22. cxb6 Qxb6 23. Rab1 Qc6 24. Rfc1 Qxc1+ 25. Rxc1 Rxc1+ 26. Kg2 Bh6 27. Qxa6
Ng7 28. g4 Ne8 29. Be7 Rdc8 30. a4 R1c6 31. Qb5 R6c7 32. Bd6 Ra7 33. Bc5 Raa8
34. Bb6 Nc7 35. Bxc7 Rxc7 36. Nd4 Rca7 37. Nc6 Rxa4 38. h3 Bf8 39. Qb7 Ra2 40.
Qb6 Rd2 41. Qe3 Raa2 42. Qb6 Rac2 43. Kg3 Bc5 44. Qb8+ Kg7 45. Qe8 Rd3+ 46. f3
Bf2+ 47. Kf4 Rc4+ 0-1

[Event "European Rapid 2017"]
[Site "Katowice POL"]
[Date "2017.12.17"]
[Round "7.13"]
[White "Zwardon, Vojtech"]
[Black "Fedorchuk, Sergey A."]
[Result "0-1"]
[WhiteTitle "IM"]
[BlackTitle "GM"]
[WhiteElo "2408"]
[BlackElo "2648"]
[WhiteFideId "325511"]
[BlackFideId "14102536"]
[EventDate "2017.12.16"]

1. c4 e5 2. g3 Nc6 3. Bg2 Bc5 4. Nc3 d6 5. Nf3 a6 6. e3 Bg4 7. h3 Bh5 8. O-O Ba7
9. b4 Nf6 10. b5 axb5 11. cxb5 Ne7 12. Qb3 O-O 13. d4 Bxf3 14. Bxf3 exd4 15.
exd4 Rb8 16. Qa4 Bb6 17. Bg5 Nf5 18. Rad1 h6 19. Bxf6 Qxf6 20. Nd5 Qg5 21. Nxb6
cxb6 22. Bg2 Qf6 23. Rfe1 Ra8 24. Qc4 Rfc8 25. Qd5 Rc2 26. Qxb7 Raxa2 27. Be4
Rxf2 28. Rf1 Rxf1+ 0-1